000 00801nam a22002177a 4500
999 _c11814
_d11814
003 AR-CdUCM
008 190405b ||||| |||| 00| 0 spa d
040 _aMUNICIPALIDAD PROVINCIAL DEL CUSCO
_cBIBLIOTECA MUNICIPAL DEL CUSCO
082 _a330.973 /
_bM29 / 1933
100 _aMaurois, André
_97641
245 _aTalleres americanos /
260 _aChile :
_bEdit. Cultura,
_c1933.
300 _a110 páginas ;
_c19 cm.
440 _aHombres e ideas filosofía, política, biografías
_929368
505 _aContenido: Las ruinas -- El nuevo equipo -- Los actos -- Los efectos de los actos o el mundo real -- Un siglo de progreso.
650 _aDesempleo
_95100
650 _aEstados Unidos
_91805
650 _aCondiciones económicas
_91989
942 _2ddc
_cLIBROS
945 _adavv
_d05/04/2019